Legend Of Zelda BOTW Character By Picture - Statistics

General Stats
  • This quiz has been taken 66 times
  • The average score is 9 of 12
Answer Stats
Picture Answer % Correct
Link
100%
Zelda
100%
Ganon
90%
Sidon
87%
Great Deku Tree
79%
Urbosa
79%
Kass
73%
Purah
67%
Hestu
62%
Teba
62%
Hylia
50%
Naydra
50%
No matching quizzes found
Score Distribution
Percent of People with Each Score
Percentile by Number Answered
Your Score History
You have not taken this quiz